Jones & Buckle Magistrates' Courts Rules and Supplementary Material (Record no. 42)

MARC details
000 -LEADER
fixed length control field 00506nam a22001577a 4500
005 - DATE AND TIME OF INPUT
control field 20231025080327.0
008 - DATA ELEMENTS--GENERAL INFORMATION
fixed length control field 231025b |||||||| |||| 00| 0 eng d
041 ## - LANGUAGE CODE
Language code of text English
082 ## - SHELF NUMBER
DDC number 347.1 JON
100 ## - MAIN AUTHOR
Main author's name van Loggerenberg DE
Language of a work English
245 ## - TITLE STATEMENT
Title Jones & Buckle Magistrates' Courts Rules and Supplementary Material
Statement of responsibility, etc. DE van Loggerenberg
260 ## - PUBLICATION, DISTRIBUTION, ETC.
Place of publication, distribution, etc. Cape Town :
Name of publisher, distributor, etc. Juta Law,
Date of publication, distribution, etc. 2010
300 ## - PHYSICAL DESCRIPTION
Other physical details v, 84 pages ;
Dimensions 33 cm.
650 ## - SUBJECT`
Broad subject Legal practice
Own subject terms Law
942 ## - ADDED ENTRY ELEMENTS (KOHA)
Item type Books
942 ## - ADDED ENTRY ELEMENTS (KOHA)
-- ALISON_BN_VRIES
Holdings
Source of classification or shelving scheme Not for loan Collection code Home library Current library Shelving location Date acquired Full call number Barcode Price effective from Koha item type Volume number (bound volume or other part)
Dewey Decimal Classification   TEXT BOOKS LAW SOCIETY OF NAMIBIA LIBRARY - WINDHOEK LAW SOCIETY OF NAMIBIA LIBRARY - WINDHOEK Civil Procedure and Court 10/25/2023 347.1 JON LNS/2011/72 10/25/2023 Books  
Dewey Decimal Classification   TEXT BOOKS LAW SOCIETY OF NAMIBIA LIBRARY - WINDHOEK LAW SOCIETY OF NAMIBIA LIBRARY - WINDHOEK Civil Procedure and Court 10/25/2023 347.1 JON LSN/2011/73 10/25/2023 Books Volume 2: The Rules